<?xml version="1.0" encoding="UTF-8"?>
<record
    xmlns:xsi="http://www.w3.org/2001/XMLSchema-instance"
    xsi:schemaLocation="http://www.loc.gov/MARC21/slim http://www.loc.gov/standards/marcxml/schema/MARC21slim.xsd"
    xmlns="http://www.loc.gov/MARC21/slim">

  <leader>02710nab a2200289uuc4500</leader>
  <controlfield tag="001">1205640</controlfield>
  <controlfield tag="005">20260509101006.0</controlfield>
  <controlfield tag="008">100629s2009                        spa  </controlfield>
  <datafield tag="035" ind1=" " ind2=" ">
    <subfield code="a">1205640</subfield>
  </datafield>
  <datafield tag="035" ind1=" " ind2=" ">
    <subfield code="a">(OCoLC)820546609</subfield>
  </datafield>
  <datafield tag="040" ind1=" " ind2=" ">
    <subfield code="c">comduadb</subfield>
  </datafield>
  <datafield tag="041" ind1=" " ind2=" ">
    <subfield code="a">spa</subfield>
  </datafield>
  <datafield tag="100" ind1="1" ind2="0">
    <subfield code="a">Mill&#xE1;n Gonz&#xE1;lez, Ricardo</subfield>
    <subfield code="4">aut</subfield>
    <subfield code="e">aut</subfield>
    <subfield code="9">573640</subfield>
  </datafield>
  <datafield tag="245" ind1="1" ind2="0">
    <subfield code="a">Calidad de vida relacionada con la salud y prevalencia de s&#xED;ntomas depresivos y ansiosos en pacientes en hemodi&#xE1;lisis, en seis unidades renales de Bogot&#xE1;, Colombia.</subfield>
  </datafield>
  <datafield tag="260" ind1=" " ind2=" ">
    <subfield code="c">2009.</subfield>
  </datafield>
  <datafield tag="520" ind1="3" ind2=" ">
    <subfield code="a">Introducci&#xF3;n: La insuficiencia renal cr&#xF3;nica (IRC) es un problema de salud p&#xFA;blica. La patolog&#xED;a psiqui&#xE1;trica en esta poblaci&#xF3;n puede repercutir en la calidad de vida relacionada con la salud (CVRS). La mayor&#xED;a de estudios sobre CVRS y los s&#xED;ntomas depresivos y/o ansiosos no son latinoamericanos. Objetivo: determinar la CVRS y la prevalencia de depresi&#xF3;n y ansiedad en pacientes de seis unidades renales de Bogot&#xE1;, Colombia. M&#xE9;todo: Estudio multic&#xE9;ntrico, descriptivo, de corte trasversal, en adultos de ambos sexos con IRC y que reciben tres sesiones semanales de hemodi&#xE1;lisis. Se les administraron las fichas de datos sociodemogr&#xE1;ficos SF-36 y HADS. Resultados: 174 sujetos participaron en el estudio, de los cuales 163 fueron considerados para el an&#xE1;lisis final (entre 19 y 86 a&#xF1;os de edad; 57,06% hombres). La CVRS f&#xED;sica general fue de 38,70 (DE 8,62) y la CVRS mental general, de 44,73 (DE 10,39). Se sospecha de depresi&#xF3;n en 15,95%, de problema cl&#xED;nico en 5,52%, de ansiedad en 16,46%. Se presenta un problema cl&#xED;nico en 13,29%. Conclusiones: Este estudio usa la muestra latinoamericana m&#xE1;s grande de la que se tenga conocimiento. La CVRS es comparable con la hallada en otras poblaciones, excepto por el rango anormalmente bajo de desempe&#xF1;o f&#xED;sico. Al situar el punto de corte de la HADS para depresi&#xF3;n en 9, se podr&#xED;a aumentar su sensibilidad aumentando la prevalencia de depresi&#xF3;n. Conforme desciende la CVRS mental general, es mayor la presencia de depresi&#xF3;n; a medida que desciende la CVRS total, es m&#xE1;s probable la existencia de un cuadro ansioso.</subfield>
  </datafield>
  <datafield tag="650" ind1=" " ind2=" ">
    <subfield code="a">Hemodi&#xE1;lisis</subfield>
    <subfield code="9">23062</subfield>
  </datafield>
  <datafield tag="650" ind1=" " ind2=" ">
    <subfield code="a">Depresi&#xF3;n (Psicolog&#xED;a)</subfield>
    <subfield code="9">19795</subfield>
  </datafield>
  <datafield tag="650" ind1=" " ind2="7">
    <subfield code="a">Ansiedad</subfield>
    <subfield code="2">lemb</subfield>
    <subfield code="9">29167</subfield>
  </datafield>
  <datafield tag="650" ind1=" " ind2=" ">
    <subfield code="a">Calidad de vida en salud</subfield>
    <subfield code="9">104640</subfield>
  </datafield>
  <datafield tag="700" ind1="1" ind2="0">
    <subfield code="a">G&#xF3;mez Restrepo, Carlos</subfield>
    <subfield code="4">aut</subfield>
    <subfield code="e">aut</subfield>
    <subfield code="9">653195</subfield>
  </datafield>
  <datafield tag="700" ind1="1" ind2="0">
    <subfield code="a">Gil Laverde, Fabi&#xE1;n Armando</subfield>
    <subfield code="4">aut</subfield>
    <subfield code="e">aut</subfield>
    <subfield code="9">608303</subfield>
  </datafield>
  <datafield tag="700" ind1="1" ind2="0">
    <subfield code="a">Oviedo Lugo, Gabriel Fernando</subfield>
    <subfield code="4">aut</subfield>
    <subfield code="e">aut</subfield>
    <subfield code="9">406547</subfield>
  </datafield>
  <datafield tag="700" ind1="1" ind2="0">
    <subfield code="a">Villegas Salazar, Felipe</subfield>
    <subfield code="4">aut</subfield>
    <subfield code="e">aut</subfield>
    <subfield code="9">600141</subfield>
  </datafield>
  <datafield tag="773" ind1="0" ind2=" ">
    <subfield code="t">Revista Colombiana de Psiquiatr&#xED;a (Bogot&#xE1;)</subfield>
    <subfield code="g">Volumen 38, N&#xFA;mero 04, Diciembre 2009, 622-636</subfield>
    <subfield code="w">329827</subfield>
    <subfield code="x">0034-7450</subfield>
    <subfield code="0">114314</subfield>
  </datafield>
  <datafield tag="942" ind1=" " ind2=" ">
    <subfield code="c">ARIMP</subfield>
  </datafield>
  <datafield tag="999" ind1=" " ind2=" ">
    <subfield code="c">555311</subfield>
    <subfield code="d">555311</subfield>
  </datafield>
</record>
